000
00303nam a2200121Ia 4500
008
250224s9999 xx 000 0 und d
020
_a
9780955944680
082
_a
J741.5RIO
100
_a
Riordan,Rick
245
0
_a
Percy Jackson and the sword of hades
942
_c
JBK
999
_c
469777
_d
469777